| 000 | 00712nam a2200241Ia 4500 | ||
|---|---|---|---|
| 003 | OSt | ||
| 005 | 20220928112120.0 | ||
| 006 | a|||||r|||| 00| 0 | ||
| 007 | ta | ||
| 008 | 220927b |||||||| |||| 00| 0 eng d | ||
| 024 | _a60619 | ||
| 037 | _cAnnuals, Advances | ||
| 040 |
_aSDCL _cSDCL _beng |
||
| 041 |
_2eng _aeng |
||
| 082 | _aO-,2K:g, N6 | ||
| 100 |
_aWeimann Robert _9426463 |
||
| 245 | 0 | _aAuthority and representation in early madern discourse. | |
| 260 |
_aLondon _bJohns Hopkins University _c1996 |
||
| 300 |
_aix,243p. _ccm. |
||
| 700 |
_a Hillman David Ed. _9426464 |
||
| 942 |
_hO-,2K:g, N6 _cREF _2CC |
||
| 999 |
_c743412 _d743412 |
||